A Hungexpo szerepe a magyarországi rendezvényiparban és konferenciaturizmusban
| Szerző: | |
|---|---|
| További közreműködők: | |
| Dokumentumtípus: | Projektmunka |
| Kulcsszavak: | belső vállalati folyamatok elmélet és gyakorlat értékesítési tevékenység rendezvény(ek) rendezvényszervezés |
| Online Access: | http://dolgozattar.uni-bge.hu/60039 |
MARC
| LEADER | 00000nnm a2200000 i 4500 | ||
|---|---|---|---|
| 001 | dolg60039 | ||
| 005 | 20260409145915.0 | ||
| 008 | 260409suuuu hu o 000 hun d | ||
| 040 | |a BGE Dolgozattár Repozitórium |b hun | ||
| 041 | |a hu | ||
| 100 | 1 | |a Bencze Zsófia | |
| 245 | 1 | 2 | |a A Hungexpo szerepe a magyarországi rendezvényiparban és konferenciaturizmusban |c Bencze Zsófia |h [elektronikus dokumentum] |
| 516 | |a Project_work | ||
| 520 | 3 | |a Projektmunkámban a Hungexpo Zrt. tevékenyégeinek átfogó bemutatásáról és elemzéséről írtam, különös hangsúlyt fektetve a a rendezvénypiacon betöltött szerepére, komplex működési rendszerére és innováviós tevékenységeire. A kutatásaim során áttekintem a Hungexpo történeti fejlődését, a rendezvényszervezés hátterét, valamint a fenntarthatóság megjelenését a rendezvényiparban. A dolgozatomban továbbá részleteztem a vállalat szervezeti struktúráját, a rendezvénytechnológia és catering működését, illetve a szervezés gyakorlati megvalósulását. | |
| 695 | |a belső vállalati folyamatok | ||
| 695 | |a elmélet és gyakorlat | ||
| 695 | |a értékesítési tevékenység | ||
| 695 | |a rendezvény(ek) | ||
| 695 | |a rendezvényszervezés | ||
| 700 | 1 | |a Karsai Dr. Árpád Sándor |e ths | |
| 856 | 4 | 0 | |u http://dolgozattar.uni-bge.hu/60039/1/Bencze_Zs%C3%B3fia_BGE_TV_FOSZK_Projektmunka_2025.pdf |z Dokumentum-elérés |
| 856 | 4 | 0 | |u http://dolgozattar.uni-bge.hu/60039/2/Bencze%20Zs%C3%B3fia%20FOSZK%20Konzulens%20Karsai%20%C3%81rp%C3%A1d.pdf |z Dokumentum-elérés |